Australian Kpop Idols - Statistics

General Stats
  • This quiz has been taken 37 times
  • The average score is 7 of 9
Answer Stats
Hint Answer % Correct
Stray Kids Felix
96%
Stray Kids Bang Chan
93%
Newjeans Danielle
93%
Enhypen Jake
93%
Nmixx Lily
93%
Blackpink Rose
93%
Newjeans Hanni
81%
Ampers&one Mackiah
22%
C-Clown (now soloist) DPR Ian / Rome
19%
No matching quizzes found
Score Distribution
Percent of People with Each Score
Percentile by Number Answered
Your Score History
You have not taken this quiz